| 000 | 00566nam a22001697a 4500 | ||
|---|---|---|---|
| 999 |
_c526058 _d526058 |
||
| 003 | NUST | ||
| 020 | _qHardcover. | ||
| 038 | _aMr. Zahoor | ||
| 082 | _a624.15 | ||
| 100 |
_aSami, Muhammad Farjad _917018 |
||
| 245 |
_aComparison of atterberg limits and shear strength values as determined from fall cone and conventional methods / _cMuhammad Farjad Sami |
||
| 260 |
_aIslamabad : _bSCEE - NUST, _c2017. |
||
| 300 |
_axiv, 93 p. : ill, ; _c30cm. |
||
| 650 |
_aGeotechnical Engineering - MS Thesis _916696 |
||
| 700 |
_aDr. Liaqat Ali _916199 |
||
| 942 |
_2ddc _cTHE |
||